000 00186nam a22000977a 4500
082 _a894.812
_bUNK/G
100 _aUNKNOWN
245 _aGEETANJALI
650 _aMALAYALAM STORY
942 _cBK
999 _c7655
_d7655